Aequilibrium

Gespeichert in:
Bibliographische Detailangaben
1. Verfasser: Recabarrenová, Lucia Celia (Verfasst von)
Weitere Verfasser: Končeková, Danica (Betreuung Doktorarbeit)
Format: Manuskript Buch
Sprache:Slowakisch
Veröffentlicht: 2025
Schlagworte:
Online-Zugang:http://is.stuba.sk/zp/portal_zp.pl?podrobnosti=185864
Tags: Tag hinzufügen
Keine Tags, Fügen Sie das erste Tag hinzu!

MARC

LEADER 00000ntm a22000003a 4500
001 stuzp104361
003 SK-STU
005 20250607210518.6
007 ta
008 150427s2015----xo-----f-mn---000-0-slo-d
040 |a STU  |b slo 
041 0 |a slo 
100 1 |a Recabarrenová, Lucia Celia  |u 058180  |4 aut  |U FAD Fakulta architektúry a dizajnu  |T FAD Ústav architektúry občianskych budov  |X 103797  |U A8180  |Y 399  |7 103797 
242 0 1 |a Aequilibrium Center  |y eng 
245 1 0 |a Aequilibrium 
260 |c 2025 
650 4 |a Loft apartments  |2 eng 
650 4 |a Biophilia  |2 eng 
650 4 |a Recreation  |2 eng 
650 4 |a Loftové byty  |2 slo 
650 4 |a Biofília  |2 slo 
650 4 |a Rekreácia  |2 slo 
700 1 |a Končeková, Danica  |u 058180  |k Z1  |4 ths  |U FAD Fakulta architektúry a dizajnu  |T FAD Ústav architektúry občianskych budov  |X 467  |U A8180  |Y 399  |7 A000000467 
856 4 |u http://is.stuba.sk/zp/portal_zp.pl?podrobnosti=185864